[Event "Panevezys Kveinys Memorial op"]
[Site "Panevezys"]
[Date "2021.08.02"]
[Round "5"]
[White "Carlsson, Ludvig"]
[Black "Bazevicius, Albertas"]
[Result "1-0"]
[WhiteElo "2258"]
[BlackElo "1867"]
[PlyCount "57"]
[EventDate "2021.07.30"]
[EventType "swiss"]
[EventRounds "9"]
[EventCountry "LTU"]
[SourceTitle "EXT 2022"]
[Source "ChessBase"]
[SourceDate "2021.10.06"]
[SourceVersion "1"]
[SourceVersionDate "2021.10.06"]
[SourceQuality "1"]

1. e4 e5 2. Nf3 Nc6 3. Bc4 Bc5 4. b4 Bxb4 5. c3 Be7 6. d4 exd4 7. Qb3 Kf8 8. cxd4 Na5 9. Qc3 Nxc4 10. Qxc4 d6 11. 0-0 Bg4 12. Qb3 Bxf3 13. Qxf3 c6 14. Nc3 Bg5 15. Rb1 Bxc1 16. Rxb7 Ne7 17. Rxc1 Qe8 18. Qf4 Nc8 19. Rcb1 Qe6 20. Rc7 Ke8 21. Rbb7 Rf8 22. Rxc6 f5 23. Nb5 Rf7 24. Nc7+ Rxc7 25. Rcxc7 Qxa2 26. exf5 Qa1+ 27. Rc1 Qa3 28. Rxc8+ Rxc8 29. Qe4+ 1-0

[Event "Panevezys Kveinys Memorial op"]
[Site "Panevezys"]
[Date "2021.08.01"]
[Round "4"]
[White "Salna, Aleksandras"]
[Black "Bazevicius, Albertas"]
[Result "1-0"]
[WhiteElo "2166"]
[BlackElo "1867"]
[PlyCount "131"]
[EventDate "2021.07.30"]
[EventType "swiss"]
[EventRounds "9"]
[EventCountry "LTU"]
[SourceTitle "EXT 2022"]
[Source "ChessBase"]
[SourceDate "2021.10.06"]
[SourceVersion "1"]
[SourceVersionDate "2021.10.06"]
[SourceQuality "1"]

1. d4 Nf6 2. Bf4 d5 3. e3 Bg4 4. f3 Bd7 5. c4 c6 6. Nc3 e6 7. e4 Bb4 8. e5 Ng8 9. Qb3 Bxc3+ 10. bxc3 Bc8 11. Bc1 Ne7 12. Ba3 0-0 13. Nh3 Re8 14. Bd3 Ng6 15. 0-0 f5 16. Qc2 Qh4 17. Nf2 dxc4 18. Bxc4 Kh8 19. g3 Qd8 20. Bd3 Na6 21. Bxa6 bxa6 22. Bc5 Nf8 23. Bxf8 Rxf8 24. Nd3 Rb8 25. Nc5 Rb6 26. Qd3 Qe7 27. Rab1 h5 28. Rb3 Rd8 29. Qe2 Rxb3 30. axb3 Rg8 31. f4 g6 32. h4 Qc7 33. Ra1 Qb6 34. Ra4 Rg7 35. Qa2 Re7 36. Rb4 Qc7 37. Kf2 Kg7 38. Ke3 Qd8 39. c4 Rc7 40. Kd3 Kf7 41. Kc3 Qe7 42. Qa5 Kg7 43. Rb8 Kh7 44. Nd3 Kg7 45. Qb4 Qd8 46. Qc5 Rb7 47. Rxb7+ Bxb7 48. Qd6 Qa5+ 49. Qb4 Qxb4+ 50. Kxb4 Kf7 51. Nc5 Bc8 52. Ka5 Ke7 53. Nxa6 Kd7 54. Nc5+ Kc7 55. Kb4 Kb6 56. Na4+ Kc7 57. Kc5 Bb7 58. Nc3 Kd7 59. b4 Ke7 60. b5 Kd7 61. bxc6+ Bxc6 62. d5 Bb7 63. Nb5 a5 64. Kb6 exd5 65. Kxb7 dxc4 66. Nc3 1-0

[Event "Panevezys Kveinys Memorial op"]
[Site "Panevezys"]
[Date "2021.07.30"]
[Round "1"]
[White "Bazevicius, Albertas"]
[Black "Sedykh, Stakhey"]
[Result "0-1"]
[WhiteElo "1867"]
[BlackElo "1418"]
[PlyCount "90"]
[EventDate "2021.07.30"]
[EventType "swiss"]
[EventRounds "9"]
[EventCountry "LTU"]
[SourceTitle "EXT 2022"]
[Source "ChessBase"]
[SourceDate "2021.10.06"]
[SourceVersion "1"]
[SourceVersionDate "2021.10.06"]
[SourceQuality "1"]

1. d4 d5 2. Nf3 Nf6 3. Nc3 Bf5 4. Bf4 e6 5. e3 Be7 6. Bd3 Bg6 7. Ne5 Nbd7 8. Nxg6 hxg6 9. Nb5 0-0 10. Bxc7 Qc8 11. Bd6 Bxd6 12. Nxd6 Qc6 13. Nb5 a6 14. Nc3 b5 15. a3 Nb6 16. 0-0 Nc4 17. Qc1 Rac8 18. Nd1 Nd7 19. f3 e5 20. c3 Rfe8 21. b3 Nd6 22. Qd2 Re7 23. Ra2 Rce8 24. Qf2 Nf6 25. Rc2 e4 26. Be2 Nf5 27. f4 Nd6 28. g4 Qc8 29. Qh4 Rc7 30. Kh1 a5 31. Ra2 b4 32. axb4 axb4 33. cxb4 Rc2 34. Rxc2 Qxc2 35. Qe1 Qxb3 36. Qc3 Qa2 37. g5 Qxe2 38. Kg1 Ng4 39. Qb2 Qxb2 40. Nxb2 Nxe3 41. Rb1 Nec4 42. Na4 Nb5 43. Nc5 e3 44. Nd3 Nxd4 45. b5 Rb8 0-1

[Event "Panevezys op-A"]
[Site "Panevezys"]
[Date "2019.06.25"]
[Round "2"]
[White "Bazevicius, Albertas"]
[Black "Vardanyan, Aras"]
[Result "1-0"]
[WhiteElo "1884"]
[BlackElo "2086"]
[PlyCount "67"]
[EventDate "2019.06.24"]
[EventType "swiss"]
[EventRounds "9"]
[EventCountry "LTU"]
[SourceTitle "CBM 191 Extra"]
[Source "ChessBase"]
[SourceDate "2019.09.30"]
[SourceVersion "1"]
[SourceVersionDate "2019.09.30"]
[SourceQuality "1"]

1. d4 Nf6 2. Nc3 c5 3. dxc5 Qa5 4. Bd2 Qxc5 5. e4 d6 6. Be2 g6 7. Be3 Qa5 8. Qd2 Bg7 9. f3 Nc6 10. Bb5 0-0 11. Bxc6 bxc6 12. Nge2 Rb8 13. Nd1 Qc7 14. 0-0 d5 15. exd5 cxd5 16. c3 Rd8 17. Re1 a5 18. Rc1 Ba6 19. b3 h5 20. Kh1 Nd7 21. Nf2 a4 22. Qxd5 e6 23. Qg5 axb3 24. axb3 Bxe2 25. Rxe2 Rxb3 26. Rec2 Rc8 27. Ne4 Qe5 28. Qe7 Qc7 29. Nd6 Rf8 30. Ne8 Qc6 31. Nxg7 Kxg7 32. Rd2 Rb7 33. Rcd1 Ra8 34. Rxd7 1-0

[Event "Panevezys op-A"]
[Site "Panevezys"]
[Date "2018.06.30"]
[Round "2"]
[White "Golsta, Ramona"]
[Black "Bazevicius, Albertas"]
[Result "1/2-1/2"]
[WhiteElo "1672"]
[BlackElo "1851"]
[PlyCount "71"]
[EventDate "2018.06.29"]
[EventType "swiss"]
[EventRounds "9"]
[EventCountry "LTU"]
[SourceTitle "CBM 185 Extra"]
[Source "ChessBase"]
[SourceDate "2018.07.29"]
[SourceVersion "1"]
[SourceVersionDate "2018.07.29"]
[SourceQuality "1"]

1. d4 d5 2. Bf4 Nf6 3. e3 g6 4. Nf3 Bg7 5. h3 0-0 6. Be2 Nbd7 7. 0-0 Ne4 8. Nbd2 Nd6 9. c4 dxc4 10. Nxc4 Nxc4 11. Bxc4 c5 12. Qb3 h6 13. Rad1 cxd4 14. exd4 Nb6 15. Ne5 e6 16. Rfe1 Nd5 17. Bg3 Kh7 18. a4 a6 19. Rd3 b5 20. axb5 axb5 21. Bxd5 exd5 22. Nc6 Qb6 23. Ne5 Be6 24. Qb4 Rfc8 25. Rc3 Bf8 26. Qb3 Qa5 27. Rec1 Rxc3 28. Rxc3 Qa1+ 29. Kh2 Qf1 30. Rc7 Ra1 31. Bf4 Qxf2 32. Qf3 Qg1+ 33. Kg3 Qe1+ 34. Kh2 Qg1+ 35. Kg3 Qe1+ 36. Kh2 1/2-1/2

[Event "Panevezys op 27th"]
[Site "Panevezys"]
[Date "2014.09.10"]
[Round "7"]
[White "Bazevicius, Albertas"]
[Black "Urbonaviciute, Zivile"]
[Result "1/2-1/2"]
[WhiteElo "1875"]
[BlackElo "1851"]
[PlyCount "129"]
[EventDate "2014.09.05"]
[EventType "swiss"]
[EventRounds "9"]
[EventCountry "LTU"]
[SourceTitle "CBM 162 Extra"]
[Source "ChessBase"]
[SourceDate "2014.10.17"]
[SourceVersion "1"]
[SourceVersionDate "2014.10.17"]
[SourceQuality "1"]

1. d4 Nf6 2. Nf3 g6 3. g3 Bg7 4. Bg2 d5 5. 0-0 0-0 6. b3 c5 7. Bb2 Qc7 8. Nbd2 Bf5 9. Nh4 Be6 10. e3 Rd8 11. Qe2 cxd4 12. Bxd4 Nc6 13. Bb2 Qd7 14. Nhf3 Bh3 15. Rfc1 Bxg2 16. Kxg2 Rac8 17. a3 Qf5 18. Nh4 Qd7 19. Nhf3 Qf5 20. Nh4 Qd7 21. b4 Ng4 22. Bxg7 Kxg7 23. h3 Nf6 24. Nhf3 Kg8 25. Kh2 Ne4 26. c4 Nxd2 27. Qxd2 dxc4 28. Qxd7 Rxd7 29. Rxc4 Rcd8 30. Rac1 a6 31. Kg2 Rd3 32. R4c3 Kg7 33. Ne1 Rd2 34. R1c2 Ne5 35. Nf3 Rxc2 36. Rxc2 Nc6 37. Kf1 Rd3 38. Ra2 e5 39. Ne1 Rb3 40. Ke2 a5 41. bxa5 Nxa5 42. Nd3 Nc4 43. a4 Kf6 44. Nc5 Rb4 45. Kd3 Nb2+ 46. Kc3 Rc4+ 47. Kxb2 Rxc5 48. Kb3 e4 49. Rd2 Ke6 50. Kb4 Rc1 51. Rd4 f5 52. Kb5 Rb1+ 53. Kc5 Rb2 54. Rd6+ Ke5 55. Rb6 Rc2+ 56. Kb5 Rc7 57. a5 Kd5 58. Rf6 Rc2 59. Rf7 Rb2+ 60. Ka4 h6 61. Ka3 Rb5 62. Ka4 Rb2 63. Ka3 Rb5 64. Ka4 Rb2 65. Ka3 1/2-1/2

[Event "Panevezys op 27th"]
[Site "Panevezys"]
[Date "2014.09.07"]
[Round "3"]
[White "Starostits, Ilmars"]
[Black "Bazevicius, Albertas"]
[Result "1-0"]
[WhiteElo "2454"]
[BlackElo "1875"]
[PlyCount "57"]
[EventDate "2014.09.05"]
[EventType "swiss"]
[EventRounds "9"]
[EventCountry "LTU"]
[SourceTitle "CBM 162 Extra"]
[Source "ChessBase"]
[SourceDate "2014.10.17"]
[SourceVersion "1"]
[SourceVersionDate "2014.10.17"]
[SourceQuality "1"]

1. d4 Nf6 2. Nf3 e6 3. c4 Bb4+ 4. Bd2 Be7 5. Nc3 d5 6. Qc2 b6 7. cxd5 exd5 8. Bf4 0-0 9. e3 Na6 10. a3 Bb7 11. Be2 c5 12. dxc5 bxc5 13. Rd1 Nc7 14. 0-0 Ne6 15. Be5 Nc7 16. Ng5 h6 17. Bxf6 hxg5 18. Be5 Bd6 19. Bxd6 Qxd6 20. Ne4 Qg6 21. Qxc5 dxe4 22. Qxc7 Rab8 23. Rd6 Qf5 24. Rfd1 Qe5 25. b4 Qb2 26. Bh5 f5 27. Bf7+ Kh7 28. Bg6+ Kh8 29. Qxb8 1-0

[Event "Baltija Cup op 7th"]
[Site "Palanga"]
[Date "2010.06.22"]
[Round "5"]
[White "Bazevicius, Albertas"]
[Black "Cernavina, Ksenija"]
[Result "1/2-1/2"]
[WhiteElo "1902"]
[BlackElo "1706"]
[PlyCount "152"]
[EventDate "2010.06.20"]
[EventType "swiss"]
[EventRounds "8"]
[EventCountry "LTU"]
[SourceTitle "EXT 2022"]
[Source "ChessBase"]
[SourceDate "2021.10.06"]
[SourceVersion "1"]
[SourceVersionDate "2021.10.06"]
[SourceQuality "1"]

1. d4 d5 2. c4 e6 3. Nc3 Nf6 4. Bg5 Be7 5. e3 0-0 6. Nf3 h6 7. Bh4 Nbd7 8. Qc2 c6 9. Bd3 dxc4 10. Bxc4 b5 11. Bd3 Bb7 12. 0-0 a6 13. Rad1 Qc8 14. Qe2 c5 15. e4 c4 16. Bc2 Nb6 17. e5 Nfd5 18. Bxe7 Nxe7 19. Ne4 Nf5 20. g4 Ne7 21. Nd6 Qc6 22. Nxb7 Qxb7 23. Nd2 Ng6 24. f4 Nd5 25. Qe4 Rfb8 26. f5 Nf8 27. fxe6 Nxe6 28. h4 Nb4 29. Qh7+ Kf8 30. Be4 Nd5 31. Rf2 Ke7 32. Qf5 Rf8 33. Nf1 Qd7 34. Bxd5 Qxd5 35. Ne3 Qb7 36. d5 Nc5 37. Qf3 Kd8 38. Nf5 Nd3 39. Re2 Qb6+ 40. Kg2 g5 41. Rxd3 cxd3 42. Qxd3 gxh4 43. e6 fxe6 44. dxe6+ Kc8 45. Qd7+ Kb8 46. e7 Qb7+ 47. Qxb7+ Kxb7 48. exf8Q Rxf8 49. Kh3 h5 50. Kxh4 hxg4 51. Kxg4 Kb6 52. b4 Rc8 53. Re6+ Ka7 54. a3 Rc4+ 55. Kf3 Rc3+ 56. Re3 Rc4 57. Nd6 Rh4 58. Ne4 Kb6 59. Ke2 a5 60. Kd3 Rh8 61. Nc5 axb4 62. axb4 Kc6 63. Kc3 Rh4 64. Kb3 Rg4 65. Rc3 Kd5 66. Nb7 Kd4 67. Nd6 Rg5 68. Rh3 Re5 69. Nb7 Re1 70. Nc5 Rb1+ 71. Ka3 Kc4 72. Rb3 Rh1 73. Ne4 Ra1+ 74. Kb2 Rb1+ 75. Kc2 Rxb3 76. Nd2+ Kxb4 1/2-1/2

[Event "Panevezys op-A"]
[Site "Panevezys"]
[Date "2008.08.14"]
[Round "4"]
[White "Bazevicius, Albertas"]
[Black "Novikovas, Anatolijus"]
[Result "1/2-1/2"]
[WhiteElo "1898"]
[BlackElo "1900"]
[PlyCount "86"]
[EventDate "2008.08.12"]
[EventType "swiss"]
[EventRounds "9"]
[EventCountry "LTU"]
[SourceTitle "CBM 125 Extra"]
[Source "ChessBase"]
[SourceDate "2008.09.01"]
[SourceVersion "1"]
[SourceVersionDate "2008.09.01"]
[SourceQuality "1"]

1. d4 Nf6 2. c4 e6 3. Nf3 b6 4. g3 Ba6 5. Qa4 Bb7 6. Bg2 c5 7. dxc5 Bxc5 8. 0-0 0-0 9. Nc3 Be7 10. Bf4 Na6 11. Qc2 Qc8 12. Nb5 d5 13. Nd6 Bxd6 14. Bxd6 Re8 15. Ne5 dxc4 16. Bxb7 Qxb7 17. Qxc4 Ne4 18. Rfd1 Rac8 19. Qb5 Red8 20. Ba3 h6 21. Rxd8+ Rxd8 22. Nc6 Rd7 23. Ne5 Rd8 24. Rc1 Nf6 25. Nc6 Rd7 26. b3 Nc7 27. Qe5 Nfe8 28. b4 b5 29. Qe3 a6 30. Bb2 Nd5 31. Qb3 Rc7 32. Nd4 Rxc1+ 33. Bxc1 Qc8 34. Bd2 Nd6 35. Qd3 Qc4 36. a3 Qxd3 37. exd3 Kf8 38. Nc6 Ne8 39. Kf1 Nec7 40. Ke2 Ke8 41. h3 Kd7 42. Ne5+ Ke7 43. Nc6+ Kd7 1/2-1/2